Top 20 Universities in Japan - Statistics

General Stats
  • This quiz has been taken 140 times
  • The average score is 12 of 20
Answer Stats
Ranking Region University % Correct
1 Kanto Tokyo University
100%
2 Kansai Kyoto University
94%
3 Kansai Osaka University
91%
6 Hokkaido Hokkaido University
86%
5 Chubu Nagoya University
80%
13 Kanto Waseda University
78%
4 Tohoku Tohoku University
77%
7 Kyushu Kyushu University
76%
8 Kanto Keio University
69%
11 Chugoku Hiroshima University
65%
12 Kansai Kobe University
60%
16 Kanto Chiba University
52%
17 Hokuriku Kanazawa University
45%
14 Chugoku Okayama University
38%
10 Kanto University of Tsukuba
38%
19 Kyushu Kumamoto University
33%
20 Hokuriku Niigata University
30%
9 Kanto Tokyo Institute of Technology
27%
15 Kansai Ritsumeikan University
23%
18 Kanto Tokyo University of Science
7%
No matching quizzes found
Score Distribution
Percent of People with Each Score
Percentile by Number Answered
Your Score History
You have not taken this quiz